000 00453nam a2200157Ia 4500
008 240729s9999 xx 000 0 und d
022 _a2621-8488
245 0 _aInternational Journal of Trends in Mathematics Education Research
260 _aIndonesia
260 _bIIES Independent
650 _a Mathematics
650 _aEducation | Science
856 _uhttps://doaj.org/toc/66d976bf9114458cb2c1fc0bd754b923
942 _2ddc
942 _cDOAJEJ
999 _c70711
_d70711
945 _a1
_bMadushi Gamage
_c1
_dMadushi Gamage